Waiting for the End Lyrics - Statistics

General Stats
  • This quiz has been taken 4 times
  • The average score is 21 of 34
Answer Stats
Lyrics % Correct
Flying {at} {the} {speed} of light
100%
It's out of {my} {control}
100%
Like we're holdin' onto somethin' that's {invisible} there
100%
{Waiting} {for} {the} {end} to come
100%
We say, "yeah", with fists flyin' {up} {in} {the} {air}
100%
Wishing I had {strength} to stand
100%
All I wanna do is {trade} {this} {life} for something new
67%
Holding on to what I {haven}'{t} {got}
67%
I know {what} {it} {takes} to move on
67%
I'm holding on to what I {haven}'{t} {got}
67%
I thought it felt right, but that right {was} {wrong}
67%
It's hard to {let} {you} {go}
67%
Just a voice {like} {a} {riot} rockin' every revision
67%
Sitting in an {empty} {room}
67%
So many things were left {unsaid}
67%
This is not the {end}, this is not the {beginnin}'
67%
This is not what I {had} {planned}
67%
This was {never} {meant} to last
67%
Thoughts were spinning {in} {my} {head}
67%
Until we dead it, forget it, let it all {disappear}
67%
Until we dead it, forget it, let it all {disappear}, yeah
67%
{What} {was} {left} when that fire was gone?
67%
All caught up {in} {the} {eye} of the storm
33%
And I don't {even} {know} what kind of things I said
33%
And though the words {sound} {steady}, somethin' empty's within 'em
33%
And tryin' to {figure} {out} what it's like movin' on
33%
But you listen to the tone and the {violent} {rhythm}
33%
'Cause we're livin' at the mercy of the {pain} and the {fear}
33%
I know {how} {it} {feels} to lie
33%
I wish it {wasn}'{t} {so}
33%
My mouth kept movin' and my mind {went} {dead}
33%
So I'm pickin' up the pieces now, {where} {to} {begin}
33%
The hardest part of endin' is {startin}' {again}
33%
Trying to forget {the} {past}
33%
No matching quizzes found
Score Distribution
Percent of People with Each Score
Percentile by Number Answered
Your Score History
You have not taken this quiz